The Institution (Record no. 105558)

MARC details
000 -LEADER
fixed length control field 00592cam a22002055a 4500
001 - CONTROL NUMBER
control field ##L134136
008 - FIXED-LENGTH DATA ELEMENTS--GENERAL INFORMATION
fixed length control field 060712s1947 000 0 eng u
035 ## - SYSTEM CONTROL NUMBER
System control number (Sirsi) u134136
041 0# - LANGUAGE CODE
Language code of text/sound track or separate title eng
050 04 - LIBRARY OF CONGRESS CALL NUMBER
Classification number 333.0062 $2 18
100 1# - MAIN ENTRY--PERSONAL NAME
Personal name Killick, Alexander H.
245 04 - TITLE STATEMENT
Title The Institution
Remainder of title quo vadit?
260 ## - PUBLICATION, DISTRIBUTION, ETC.
Place of publication, distribution, etc. London
Name of publisher, distributor, etc. RICS
Date of publication, distribution, etc. 1947
300 ## - PHYSICAL DESCRIPTION
Extent 21p.
Dimensions 22cm.
520 ## - SUMMARY, ETC.
Summary, etc. A paper read at an ordinary general meeting of RICS on 6 January 1947.
651 #4 - SUBJECT ADDED ENTRY--GEOGRAPHIC NAME
Geographic name Great Britain
Chronological subdivision 1707-
690 ## - LOCAL SUBJECT ADDED ENTRY--TOPICAL TERM (OCLC, RLIN)
Topical term or geographic name as entry element ABOUT RICS
710 2# - ADDED ENTRY--CORPORATE NAME
Corporate name or jurisdiction name as entry element Royal Institution of Chartered Surveyors
9 (RLIN) 4900
942 ## - ADDED ENTRY ELEMENTS (KOHA)
Suppress in OPAC 0
Holdings
Withdrawn status Lost status Source of classification or shelving scheme Damaged status Not for loan Home library Current library Shelving location Date acquired Total Checkouts Full call number Barcode Date last seen Copy number Price effective from Koha item type
    Dewey Decimal Classification     Historic collection Historic collection RICS Boxes 12/07/2006   RICS 1947 134136-2001 06/08/2019 1 06/08/2019 Archive